Statistics for Countries with the Top FIFA World Cup Finish

Click here to take the quiz!

General Stats

  • This quiz has been taken 215 times
    (197 since last reset)
  • The average score is 15 of 19

Answer Stats

Top Finish Country % Correct
ChampionsFrance
99%
ChampionsBrazil
99%
ChampionsArgentina
98%
ChampionsGermany
97%
ChampionsEngland
96%
ChampionsItaly
95%
ChampionsSpain
95%
ChampionsUruguay
92%
Runners-upNetherlands
85%
3rd PlaceCroatia
76%
Runners-upSweden
76%
3rd PlacePortugal
75%
3rd PlaceUnited States
63%
3rd PlaceChile
62%
3rd PlaceTurkey
60%
3rd PlacePoland
58%
Runners-upHungary
56%
3rd PlaceAustria
42%
Runners-upCzechoslovakia
40%

Score Distribution

Percentile by Number Answered

Percent of People with Each Score

Your Score History

You have not taken this quiz since the last reset